Подробности
| 000 -МАРКЕР |
| контрольное поле |
02438nam2a22003851 4500 |
| 001 - ИДЕНТИФИКАТОР ЗАПИСИ |
| контрольное поле |
rc\19505 |
| 005 - ИДЕНТИФИКАТОР ВЕРСИИ |
| контрольное поле |
20250620120943.0 |
| 010 ## - МЕЖДУНАРОДНЫЙ СТАНДАРТНЫЙ НОМЕР КНИГИ (ISBN) |
| Номер (ISBN) |
5-85255-610-6 |
| Тираж |
45000 |
| 035 ## - ДРУГИЕ СИСТЕМНЫЕ НОМЕРА |
| Идентификатор записи |
(NLR Aleph) 005310280 |
| 100 ## - ДАННЫЕ ОБЩЕЙ ОБРАБОТКИ |
| Данные общей обработки |
20021204d1994 |||y0rusy50 ca |
| 101 0# - ЯЗЫК РЕСУРСА |
| Язык текста, звукозаписи и т.д. |
русский |
| 102 ## - СТРАНА ПУБЛИКАЦИИ ИЛИ ПРОИЗВОДСТВА |
| Страна публикации |
Российская Федерация |
| 105 ## - ПОЛЕ КОДИРОВАННЫХ ДАННЫХ: ТЕКСТОВЫЕ МАТЕРИАЛЫ, МОНОГРАФИЧЕСКИЕ |
| Кодированные данные о монографическом текстовом документе |
a ||||||||| |
| 200 0# - ЗАГЛАВИЕ И СВЕДЕНИЯ ОБ ОТВЕТСТВЕННОСТИ |
| Основное заглавие |
Т. 7 |
| Первые сведения об ответственности |
[Послесл. И. Панкеева] |
| 210 ## - ПУБЛИКАЦИЯ, РАСПРОСТРАНЕНИЕ И ДР. |
| Дата издания, распространения и т.д. |
1994 |
| Место издания, распространения и т.д. |
Б. м. |
| 215 ## - ФИЗИЧЕСКАЯ ХАРАКТЕРИСТИКА |
| Специфическое обозначение материала и объем |
661, [3] с. |
| Другие сведения о физической характеристике |
ил. |
| 320 ## - ПРИМЕЧАНИЯ О НАЛИЧИИ В ДОКУМЕНТЕ БИБЛИОГРАФИИ / УКАЗАТЕЛЯ |
| Текст примечания |
Указ. произведений, включ. в Собр. соч.: с. 663 |
| 327 0# - ПРИМЕЧАНИЯ О СОДЕРЖАНИИ |
| Текст примечания |
Содерж.: В тине адвокатуры: Роман; Повести: Судные дни Великого Новгорода; Власть женщины; Рассказы: Умирающий варнак; Братоубийца; Из-за корысти; На вскрытии; Сибирский "держиморда"; В ночь под Рождество; На елке у природы, и др. |
| 461 #0 - УРОВЕНЬ НАБОРА |
| Встроенное поле |
001rc\19498 |
| -- |
2001#$aСобрание сочинений$eВ 7 т.$fН.Э. Гейнце$g[Сост. В. Поситко$gОформ. худож. В. Харламова]$vТ. 7 |
| -- |
700#1$aГейнце$bН.Э.$gНиколай Эдуардович$f1852-1913 |
| Системный номер (АБИС) связанной записи |
6378708 |
| Автор |
Гейнце, Н. Э. (1852-1913) |
| Место публикации |
М. |
| Дата публикации |
1994- |
| Первые сведения об ответственности |
Н.Э. Гейнце |
| Имя издателя, распространителя и т.д. |
Изд. центр "Терра" |
| Сведения, относящиеся к заглавию |
В 7 т. |
| Заглавие |
Собрание сочинений |
| ISBN |
5852554588 |
| Номер тома |
Т. 7 |
| 464 #0 - АНАЛИТИЧЕСКИЙ УРОВЕНЬ |
| Встроенное поле |
2001#$aВ тине адвокатуры |
| Заглавие |
В тине адвокатуры |
| 464 #0 - АНАЛИТИЧЕСКИЙ УРОВЕНЬ |
| Встроенное поле |
2001#$aСудные дни Великого Новгорода |
| Заглавие |
Судные дни Великого Новгорода |
| 464 #0 - АНАЛИТИЧЕСКИЙ УРОВЕНЬ |
| Встроенное поле |
2001#$aВласть женщины |
| Заглавие |
Власть женщины |
| 464 #0 - АНАЛИТИЧЕСКИЙ УРОВЕНЬ |
| Встроенное поле |
2001#$aУмирающий варнак |
| Заглавие |
Умирающий варнак |
| 464 #0 - АНАЛИТИЧЕСКИЙ УРОВЕНЬ |
| Встроенное поле |
2001#$aБратоубийца |
| Заглавие |
Братоубийца |
| 464 #0 - АНАЛИТИЧЕСКИЙ УРОВЕНЬ |
| Встроенное поле |
2001#$aИз-за корысти |
| Заглавие |
Из-за корысти |
| 464 #0 - АНАЛИТИЧЕСКИЙ УРОВЕНЬ |
| Встроенное поле |
2001#$aНа вскрытии |
| Заглавие |
На вскрытии |
| 464 #0 - АНАЛИТИЧЕСКИЙ УРОВЕНЬ |
| Встроенное поле |
2001#$aСибирский "держиморда" |
| Заглавие |
Сибирский "держиморда" |
| 464 #0 - АНАЛИТИЧЕСКИЙ УРОВЕНЬ |
| Встроенное поле |
2001#$aВ ночь под Рождество |
| Заглавие |
В ночь под Рождество |
| 464 #0 - АНАЛИТИЧЕСКИЙ УРОВЕНЬ |
| Встроенное поле |
2001#$aНа елке у природы |
| Заглавие |
На елке у природы |
| 801 #0 - ИСТОЧНИК ЗАПИСИ |
| Страна |
Российская Федерация |
| Организация |
NLR |
| Правила каталогизации |
psbo |
| 801 #1 - ИСТОЧНИК ЗАПИСИ |
| Страна |
Российская Федерация |
| Организация |
ELAR |
| Источник данных |
rusmarc |
| 852 ## - МЕСТОНАХОЖДЕНИЕ И ШИФР ХРАНЕНИЯ |
| Идентификатор организации |
NLR |
| Шифр хранения (Call Number) |
94-5/1560 |
| 942 ## - ДОПОЛНИТЕЛЬНЫЕ ЭЛЕМЕНТЫ ЗАПИСИ (АБИС) |
| Тип экземпляра АБИС |
Книга |
| 980 ## - КОЛЛЕКЦИЯ |
| Название коллекции |
Национальная библиография |